000 00498nam a2200193Ia 4500
999 _c14595
_d14595
082 _aTA.0265
100 _aArpita Anant
245 0 _aGroup rights in the Indian and international discourses
260 _c2003
_bJawaharlal Nehru University, New Delhi
300 _a248
504 _aincludes bibliography
650 _aCivil rights
_vIndia
650 _aMinorities
650 _aHuman rights
650 _aDalits
650 _aRights, Human
710 _aRights, Human
942 _cTH
_2ddc